[Event "Mazowiec-chT op 1516"]
[Site "Poland"]
[Date "2016.01.24"]
[Round "7.13"]
[White "Pajak, Jakub Lech"]
[Black "Tomaszewski, Jakub"]
[Result "1-0"]
[WhiteElo "1846"]
[BlackElo "1222"]
[PlyCount "101"]
[EventDate "2015.11.29"]
[EventType "team-tourn"]
[EventRounds "10"]
[EventCountry "POL"]
[SourceTitle "EXT 2019"]
[Source "ChessBase"]
[SourceDate "2018.10.10"]
[SourceVersion "1"]
[SourceVersionDate "2018.10.10"]
[SourceQuality "1"]

1. e4 e5 2. Nf3 Nf6 3. Nxe5 Qe7 4. Nf3 Nxe4 5. Qe2 d5 6. d3 Nf6 7. Nc3 h6 8. Bf4 Be6 9. Nd4 c5 10. Nxe6 Qxe6 11. Nb5 Qxe2+ 12. Bxe2 Na6 13. 0-0-0 Be7 14. Nd6+ Bxd6 15. Bxd6 Rd8 16. Be5 Ke7 17. Rhe1 d4 18. Bf3 Kd7 19. Bxb7 Nb4 20. a3 Nc6 21. Bxf6 gxf6 22. Bxc6+ Kxc6 23. Re7 Rd7 24. Rde1 Rg8 25. g3 Rgd8 26. Kd2 a5 27. b3 h5 28. Re8 Kc7 29. R1e7 Kc8 30. h4 Kc7 31. Rxd7+ Kxd7 32. Rxd8+ Kxd8 33. c3 Kc7 34. cxd4 cxd4 35. Ke2 Kd6 36. Kf3 Kc5 37. Ke4 f5+ 38. Kxf5 Kb5 39. g4 a4 40. b4 hxg4 41. h5 Kc6 42. h6 Kd6 43. h7 Kd5 44. h8Q Kd6 45. Qxd4+ Kc6 46. Qc5+ Kd7 47. b5 g3 48. Qc6+ Ke7 49. Qc7+ Ke8 50. Kf6 gxf2 51. Qc8# 1-0

[Event "Mazowiec-chT op 1516"]
[Site "Poland"]
[Date "2015.11.29"]
[Round "1.6"]
[White "Piotrowicz, Jakub"]
[Black "Tomaszewski, Jakub"]
[Result "1-0"]
[WhiteElo "1364"]
[BlackElo "1222"]
[PlyCount "159"]
[EventDate "2015.11.29"]
[EventType "team-tourn"]
[EventRounds "10"]
[EventCountry "POL"]
[SourceTitle "EXT 2019"]
[Source "ChessBase"]
[SourceDate "2018.10.10"]
[SourceVersion "1"]
[SourceVersionDate "2018.10.10"]
[SourceQuality "1"]

1. d4 d5 2. c4 e6 3. Nc3 Nf6 4. Bg5 Bb4 5. Qb3 Nc6 6. e3 h6 7. Bxf6 Qxf6 8. cxd5 Bxc3+ 9. bxc3 exd5 10. Qxd5 a6 11. Bd3 0-0 12. Nf3 Rd8 13. Qe4 Be6 14. c4 Nb4 15. a3 Nxd3+ 16. Qxd3 c5 17. 0-0 Bg4 18. d5 Bxf3 19. gxf3 Qxf3 20. Qd1 Qe4 21. Qe2 Re8 22. Rae1 Re5 23. f3 Rg5+ 24. Kh1 Qe7 25. Rg1 Re8 26. Rxg5 Qxg5 27. e4 Qe5 28. Qe3 b6 29. Rb1 Rb8 30. a4 a5 31. Qd3 Qd6 32. Re1 Re8 33. Qc3 f6 34. Qd2 g5 35. Qg2 Qf4 36. Rb1 Rb8 37. Qg3 Qe5 38. Qxe5 fxe5 39. Kg2 Kf7 40. Kg3 Kf6 41. h4 Kg6 42. Kg4 Kf6 43. Rb2 Kg6 44. hxg5 hxg5 45. d6 Rb7 46. d7 Rxd7 47. Rxb6+ Kf7 48. Kxg5 Rd4 49. Kf5 Rxc4 50. Rb7+ Kg8 51. Kxe5 Rxa4 52. Kd5 Ra3 53. f4 Rf3 54. f5 Rf4 55. Ra7 c4 56. Rxa5 Kf7 57. Rc5 Kf6 58. Rxc4 Rxf5+ 59. exf5 Kxf5 60. Rc1 Kf4 61. Rc8 Ke3 62. Rc3+ Kf4 63. Kd4 Kf5 64. Re3 Kf4 65. Re1 Kf5 66. Re2 Kf6 67. Kd5 Kf7 68. Kd6 Kf8 69. Kd7 Kf7 70. Re6 Kg7 71. Kd6 Kf7 72. Ke5 Kg7 73. Ra6 Kf7 74. Rb6 Kg7 75. Kf5 Kh7 76. Rg6 Kh8 77. Kf6 Kh7 78. Rg1 Kh8 79. Kf7 Kh7 80. Rh1# 1-0

[Event "Mazowiec-chT op 1516"]
[Site "Poland"]
[Date "2015.11.29"]
[Round "2.2"]
[White "Tomaszewski, Jakub"]
[Black "Zielinski, Michal"]
[Result "0-1"]
[WhiteElo "1222"]
[BlackElo "1667"]
[PlyCount "106"]
[EventDate "2015.11.29"]
[EventType "team-tourn"]
[EventRounds "10"]
[EventCountry "POL"]
[SourceTitle "EXT 2019"]
[Source "ChessBase"]
[SourceDate "2018.10.10"]
[SourceVersion "1"]
[SourceVersionDate "2018.10.10"]
[SourceQuality "1"]

1. e4 c5 2. Nf3 d6 3. c4 Nc6 4. Nc3 Nf6 5. d3 e6 6. Bg5 Be7 7. g3 h6 8. Bf4 a6 9. b3 Ng4 10. Bg2 Bf6 11. Bd2 Nge5 12. Qc2 Nxf3+ 13. Bxf3 Nd4 14. Qd1 Nxf3+ 15. Qxf3 Bd4 16. Rc1 0-0 17. Ne2 Be5 18. 0-0 f5 19. Bc3 Bxc3 20. Nxc3 Rb8 21. Rfe1 b6 22. a4 Bb7 23. Qh5 f4 24. Ne2 e5 25. Qg4 Bc8 26. Qf3 g5 27. Qh1 f3 28. Nc3 g4 29. Nd5 Kg7 30. Rf1 h5 31. Rc2 Rh8 32. Rb2 a5 33. Rc2 Be6 34. Ne3 Kg6 35. Rb2 Qg5 36. Rc2 Rbf8 37. Nd1 h4 38. Rb2 Rh5 39. Rc2 Rfh8 40. Ra2 Qc1 41. Rb2 Qa1 42. Rc2 Qb1 43. Rc3 Qa2 44. Ne3 hxg3 45. Rc2 Qxc2 46. Nxc2 g2 47. Qxg2 fxg2 48. Kxg2 Rxh2+ 49. Kg1 Rh1+ 50. Kg2 R8h2+ 51. Kg3 Rxf1 52. Kxh2 Rxf2+ 53. Kg3 Rxc2 0-1